Регионална библиотека "Любен Каравелов" - Русе

Русенският спорт (Запис номер 88444)

MARC детайли
000 -Лидер
Контролно поле с фиксирана дължина 01533nam a2200421 c 4500
003 - Код на организацията, давaща контролен номер
Контролно поле BLK
005 - Дата и час на последна редакция
Контролно поле 20250423132721.0
008 - Елементи от данни с фиксирана дължина
fixed length control field 180408b bul|||||r ||||||| ||bul||
010 ## - Наследен системен номер
LC control number KNG00093108000
020 ## - Международен стандартен номер на книга ISBN
Международен стандартен номер на книга ISBN 978-954-337-130-3
040 ## - Източник на каталожния запис
Идентификатор на билиотеката - собственик на записа BLK
041 ## - Код за език
Код за езика на текст/звукозапис или на отделно заглавие Български
Код за езика КДБФ Български
Други езици Немски
-- Английски
-- Френски
-- Руски
072 #7 - Код за тематичната категория
Код организация bullib
Код за тематична категория Н79
Текст Спорт Н
080 ## - УДК
Текстов определител УДК Спорт. Физическа култура
УДК код - определител по УДК 796/799
УДК определител (497.215)(091)
УДК - код + определител 796/799(497.215)(091)
100 1# - Редна дума - Автор
Автор Ганев, Богдан
Авторска отговорност първи автор
R(LIN) 284445
139 ## - Редно поле
Редна дума Ганев, Богдан
Авторски знак Гане - Г 20
245 10 - Сведения за заглавието
Заглавие Русенският спорт
Редно поле (дума) Богдан Ганев.
257 ## - Страна на издаване
Страна на създаване/издаване България
260 ## - Област на издателските данни
Име на издателя, разпространителя и проч. Авангард принт
Година на издаване 2011
300 ## - Физическа характеристика
Страници 443 с.
Илюстрации и др. с цв. ил., портр., факс.
Размери/Мащаб 24 см
380 ## - Жанр
Жанр 793/799 Спорт
500 ## - Общи забележки
Забележка Текст и на англ., нем., рус. и фр. ез. - Библиогр.: с. 438-439. - Именен показалец.
650 #4 - Допълнително описание по предмет – тема
Основно описание – тема или топоним Спорт - Русе - история
9 (RLIN) 303172
650 #4 - Допълнително описание по предмет – тема
Основно описание – тема или топоним Спортисти, български - Русе
9 (RLIN) 265945
651 #4 - Допълнително описание по предмет - топоним
Географско понятие Русе
9 (RLIN) 179462
651 #4 - Допълнително описание по предмет - топоним
Географско понятие България
9 (RLIN) 241624
653 ## - Ключова дума – ненормативна
Ключова дума спорт
653 ## - Ключова дума – ненормативна
Ключова дума история
659 ## - Тематичен бюлетин
Тематичен бюлетин Н
852 ## - Местоположение
Форматна сигнатура Цб 254690
852 ## - Местоположение
Форматна сигнатура К 796/799/Г 20 Б
856 4# - Електронен адрес и достъп
Електронен формат pdf - файл
856 4# - Електронен адрес и достъп
Електронен формат pdf - файл
999 ## - СИСТЕМНИ КОНТРОЛНИ НОМЕРА
Koha biblionumber 88444
Koha biblioitemnumber 88444
942 ## - АРТИКУЛИ
Вид на библиотечния материал Книги
Скрит в OPAC Не
Koha issues (borrowed), all copies 12
Периодичен библиозапис Да
944 ## - СЪЗДАВАНЕ И РЕДАКЦИЯ на ЗАПИСА
Създаване/Редакция Създаване
Дата на регистрацията/редакция 26.03.2012
Статус, дата на статуса Силвия Димитрова
Служител, извършил регистрацията/редакцията 30538
944 ## - СЪЗДАВАНЕ И РЕДАКЦИЯ на ЗАПИСА
Създаване/Редакция Редакция
Дата на регистрацията/редакция 12.03.2016
Статус, дата на статуса ф /
Служител, извършил регистрацията/редакцията Людмила_Стоянова
999 ## - СИСТЕМНИ КОНТРОЛНИ НОМЕРА
Koha biblioitemnumber 88444
Наличности
Код за отписване Код за изгубен артикул Източник на класификационната схема Код за повреда Коз за рестрикции Код за отдаване Артикулен № Име на библиотеката - собственик Име на библиотеката, в която се намира в момента Статус (Текущо местоположение) Дата на вписване в системата Местоположение - отдел Цена в лева Инвентарен номер Систематично азбучна сигнатура Баркод Номер на екземпляра Цена в евро Служебна бележка Служебен тип на артикула Номерация (Хронология)
  Не е изгубен Universal Decimal Classification Не е повреден без рестрикции заемане за дома 143425 Регионална библиотека "Любен Каравелов" Русе Регионална библиотека "Любен Каравелов" Русе Заемна - подръчен фонд 2012-03-26 Заемна - подръчен фонд 20.00 120000756708 П 796/799/Г 20 120000756708 1 10.23 Дост: DA Вид: А N: 5 Дата: 23.03.2012 Дата инв: 16.02.2018 Бележки инв: СП2018 Книги  
  Не е изгубен Universal Decimal Classification Не е повреден без рестрикции ползва се в читалня 143426 Регионална библиотека "Любен Каравелов" Русе Регионална библиотека "Любен Каравелов" Русе Читалня - справочен фонд 2012-03-26 Читалня 20.00 120000756709 СЧ 796/799/Г 20 120000756709 2 10.23 Дост: DA Вид: А N: 5 Дата: 23.03.2012 Дата инв: 29.03.2017 Бележки инв: СЧ2017 Книги Автограф: Богдан Ганев
  Не е изгубен Universal Decimal Classification Не е повреден без рестрикции ползва се в читалня 143427 Регионална библиотека "Любен Каравелов" Русе Регионална библиотека "Любен Каравелов" Русе Краезнание 2012-03-26 Краезнание 20.00 120000756710 К 796/799/Г 20 Б 120000756710 3 10.23 Дост: DA Вид: А N: 5 Дата: 23.03.2012 Дата инв: 08.11.2017 Бележки инв: СК2017 Книги  
  Не е изгубен   Не е повреден без рестрикции заемане за дома 143428 Регионална библиотека "Любен Каравелов" Русе Регионална библиотека "Любен Каравелов" Русе Заемна - подръчен фонд 2015-07-10 Заемна - подръчен фонд 20.00 120000789964 П 796/799/Г 20 120000789964 4 10.23 Дост: DA Вид: А N: 11 Дата: 10.07.2015 Дата инв: 08.02.2018 Бележки инв: П2018 Книги  
  Не е изгубен   Не е повреден без рестрикции ползва се в читалня 143429 Регионална библиотека "Любен Каравелов" Русе Регионална библиотека "Любен Каравелов" Русе Хранилище 2015-07-10 Основен фонд - ползва се само за читалня 20.00 120000789965 Цб 254690 120000789965 5 10.23 Дост: DA Вид: А N: 11 Дата: 10.07.2015 Книги  
  Не е изгубен   Не е повреден без рестрикции заемане за дома 143430 Регионална библиотека "Любен Каравелов" Русе Регионална библиотека "Любен Каравелов" Русе Заемна - подръчен фонд 2016-01-19 Заемна - подръчен фонд 20.00 120000797009 П 796/799/Г 20 120000797009 6 10.23 Дост: DA Вид: А N: 1 Дата: 19.01.2016 Дата инв: 08.02.2018 Бележки инв: П2018 Книги  
  Не е изгубен Universal Decimal Classification Не е повреден   ползва се в читалня 732897 Регионална библиотека "Любен Каравелов" Русе Регионална библиотека "Любен Каравелов" Русе Хранилище 2019-08-23 Хранилище 16.00   Цб 296457 120000835691   8.18   Книги  
Vip Innovations Ltd, Rousse, Bulgaria 2025